000 01101cam a2200277 i 4500
999 _c7477
_d7477
005 20200310083600.0
008 140707s2015 nyua 001 0 eng
020 _a9781616892722 (alk. paper)
040 _aDLC
_beng
_cDLC
_erda
_dDLC
042 _apcc
082 0 0 _a720.108
_223
100 1 _aBrownell, Blaine Erickson,
_d1970-
_eauthor.
245 1 0 _aHypernatural :
_barchitecture's new relationship with nature /
_cBlaine Brownell and Marc Swackhamer.
250 _aFirst edition.
300 _a175 pages :
_bcolor illustrations ;
_c22 cm.
490 0 _aArchitecture briefs
500 _aIncludes index.
505 0 _aGeosphere -- Atmosphere -- Hydrosphere -- Biosphere-microbial -- Biosphere-botanical -- Biosphere-zoological -- Noosphere.
650 0 _aArchitecture
_xEnvironmental aspects.
650 0 _aArchitecture and technology.
650 0 _aNature (Aesthetics)
700 1 _aSwackhamer, Marc,
_d1970-
_eauthor.
906 _a7
_bcbc
_corignew
_d1
_eecip
_f20
_gy-gencatlg
942 _2ddc